Statistics for Countries That End With The Letter Y

Click here to take the quiz!

General Stats

  • This quiz has been taken 65 times
  • The average score is 7 of 8

Answer Stats

HintAnswer% Correct
South AmericaParaguay
98%
South AmericaUruguay
98%
EuropeItaly
93%
EuropeNorway
92%
EuropeGermany
90%
EuropeHungary
87%
EuropeVatican City
70%
AsiaTurkey
67%

Score Distribution

Percentile by Number Answered

Percent of People with Each Score

Your Score History

You have not taken this quiz